000 01098pam a2200349 4500
999 _c8563
_d8563
001 8563
003 BD - JhCC
005 20180925174936.0
008 831118s1984 iluacf b 001 0 eng
020 _a0882958259 (pbk.)
020 _a0882958240 (hard)
035 _a(BD - JhCC)8563
035 _a(OCoLC)10207853
035 _aGLIS00187052
040 _aDLC
_cDLC
_dMYG
_dBD - JhCC
041 _aeng
082 _bDUL 1984
_a331.880973
090 _aHD8066
_b.D883 1984
099 _aHD8066.D883 1984
100 1 _aDulles, Foster Rhea,
_d1900-1970.
245 1 0 _aLabor in America :
_ba history /
_cFoster Rhea Dulles & Melvyn Dubofsky.
250 _a4th ed.
260 _aArlington Heights, Ill. :
_bHarlan Davidson,
_cc1984.
300 _aix, 425 p., [25] p. of plates :
_bill., ports. ;
_c23 cm.
500 _aIncludes index.
504 _aBibliography: p. 401-412.
650 0 _aLabor
_zUnited States
_xHistory.
650 0 _aLabor unions
_zUnited States
_xHistory.
700 1 _aDubofsky, Melvyn,
_d1934-
942 _2ddc
_cBK